La sociedad de suma cero / (Registro nro. 11646)
[ vista simple ]
| 000 -LEADER | |
|---|---|
| fixed length control field | 01172nam a2200265Ia 4500 |
| 003 - CONTROL NUMBER IDENTIFIER | |
| control field | OSt |
| 005 - DATE AND TIME OF LATEST TRANSACTION | |
| control field | 20210511130245.0 |
| 008 - FIXED-LENGTH DATA ELEMENTS--GENERAL INFORMATION | |
| fixed length control field | 210310s1988 sp gr 000 0 spa d |
| 020 ## - INTERNATIONAL STANDARD BOOK NUMBER | |
| International Standard Book Number | 8475307248 |
| 040 ## - CATALOGING SOURCE | |
| Original cataloging agency | CO-JMCR |
| Transcribing agency | CO-JMCR |
| 041 1# - LANGUAGE CODE | |
| Language code of text/sound track or separate title | spa |
| Language code of original | eng |
| 082 04 - DEWEY DECIMAL CLASSIFICATION NUMBER | |
| Classification number | 330.904 / |
| Item number | T387s |
| Edition number | 23 |
| 100 1# - MAIN ENTRY--PERSONAL NAME | |
| Personal name | Thurow, Leste, |
| Relator term | autor |
| 9 (RLIN) | 26072 |
| 245 13 - TITLE STATEMENT | |
| Title | La sociedad de suma cero / |
| Statement of responsibility, etc. | Lester c. Thurow ; traducción de Antonio Bonano |
| 260 ## - PUBLICATION, DISTRIBUTION, ETC. | |
| Place of publication, distribution, etc. | Barcelona, España : |
| Name of publisher, distributor, etc. | Orbi, |
| Date of publication, distribution, etc. | 1988 |
| 300 ## - PHYSICAL DESCRIPTION | |
| Extent | 230 páginas ; |
| Dimensions | 20 cm. |
| 490 0# - SERIES STATEMENT | |
| Series statement | Biblioteca de economía ; |
| Volume/sequential designation | 2 |
| 501 ## - WITH NOTE | |
| With note | Con: notas a pie de página. |
| 505 0# - FORMATTED CONTENTS NOTE | |
| Formatted contents note | Una economía que ya no funciona. -- Energía. -- Inflación. -- Crecimiento económico lento. -- Problemas ambientales. -- Crecientes reglas y reglamentos. -- Problemas ambientales. -- Cuestiones distributivas directas. -- La solución de los problemas económicos de la década de los ochenta. |
| 650 14 - SUBJECT ADDED ENTRY--TOPICAL TERM | |
| Topical term or geographic name entry element | E.U.A. |
| General subdivision | Condiciones económicas |
| Chronological subdivision | 1971-1981. |
| 9 (RLIN) | 37548 |
| 650 24 - SUBJECT ADDED ENTRY--TOPICAL TERM | |
| Topical term or geographic name entry element | Ingresos |
| General subdivision | E.U.A. |
| Geographic subdivision | Estados Unidos |
| 9 (RLIN) | 37549 |
| 650 24 - SUBJECT ADDED ENTRY--TOPICAL TERM | |
| Topical term or geographic name entry element | Situación económica |
| Chronological subdivision | 1945-1989. |
| 9 (RLIN) | 37550 |
| 700 1# - ADDED ENTRY--PERSONAL NAME | |
| Personal name | Bonano, Antonio, |
| Relator term | traductor |
| 9 (RLIN) | 37551 |
| 942 ## - ADDED ENTRY ELEMENTS (KOHA) | |
| Source of classification or shelving scheme | Dewey Decimal Classification |
| Koha item type | Books |
| Withdrawn status | Lost status | Source of classification or shelving scheme | Damaged status | Not for loan | Home library | Current library | Shelving location | Date acquired | Source of acquisition | Full call number | Barcode | Date last seen | Copy number | Price effective from | Koha item type |
|---|---|---|---|---|---|---|---|---|---|---|---|---|---|---|---|
| Dewey Decimal Classification | Biblioteca Pública José María del Castillo y Rada | Biblioteca Pública José María del Castillo y Rada | General Stacks | 04/15/2018 | Donación | 330.904 / T387s | 430002087 | 05/16/2024 | Ej.1 | 03/10/2021 | Books |